| 000 | nam a22 7a 4500 | ||
|---|---|---|---|
| 999 |
_c28122 _d28122 |
||
| 008 | 170215b xxu||||| |||| 00| 0 eng d | ||
| 020 | _a1121792367 | ||
| 050 | _aQA 1 .G47 2014 | ||
| 100 | _aGerber, Richard | ||
| 245 |
_aCreate / _cRichard Gerber |
||
| 260 |
_aBuffalo New York : _bMcGraw Hill , _c2014 . |
||
| 300 |
_avii, 487p. : _bill. ; _c28 cm |
||
| 650 | _2Mathematics. | ||
| 942 |
_2lcc _cBOOKS _hQA 1 .G47 2014 |
||